RVHP - Rada vzájemné hospodářské pomoci integrace a dodatky za jednotlivé členské země
Salvato in:
| Natura: | Libro |
|---|---|
| Lingua: | ceco |
| Pubblicazione: |
Praha
Pressfoto
1984
|
| Serie: | Obchodně ekonomické sborníky
sv. 64 |
| Tags: |
Nessun Tag, puoi essere il primo ad aggiungerne!!
|
MARC
| LEADER | 00000nam a2200000 4500 | ||
|---|---|---|---|
| 001 | c112007 | ||
| 005 | 20250722081242.1 | ||
| 041 | 0 | |a cze | |
| 044 | |a CZ | ||
| 245 | 1 | 0 | |a RVHP - Rada vzájemné hospodářské pomoci |b integrace a dodatky za jednotlivé členské země |
| 264 | 1 | |a Praha |b Pressfoto |c 1984 | |
| 300 | |a 222 s. | ||
| 490 | 1 | |a Obchodně ekonomické sborníky |v sv. 64 | |
| 830 | 0 | |a Obchodně ekonomické sborníky |v sv. 64 | |